000 00833nam a2200289 i 4500
001 bgj
100 1 _aSWIFT, Jonathan
_d(1667-1745)
245 1 0 _aGulliver's Travels /
_cby Jonathan Swift ; with a foreword by Marcus Cunliffe.
260 _aNew York :
_bNew American Library,
_cc. 1960.
300 _aXX, 319 pp :
_bdrawings, maps ;
_c18 cm.
490 1 _aSignet Classic
650 9 _aFantasy fiction
650 9 _aImaginary societes
_yEarly works to 1800
650 9 _aTravelers
650 9 _aSatire
650 9 _aUtopian
650 9 _aUtopias
650 9 _aImaginary |Voyages
_yEarly works to 1800
650 9 _aVoyages and travels
655 _aFiction
700 1 _aCUNLIFFE, Marcus
830 _aSignet Classic
040 _cBPK
041 0 _aeng
942 _cKS
008 s uk f |000 0 eng
999 _c48780
_d48780